00315nam a22001097a 4500008004100000082001800041110000900059245006600068260004600134300000800180440001700188230605b xxu||||| |||| 00| 0 eng d a328.0601bIPU d2007 aChronicle f Parliamentary ElectioncInter-Parliamentary Union aNew YorkbInter-Parliamentary Unionc2008 a302 v41x19940963